[Event "THA-ch"]
[Site "Bangkok"]
[Date "2019.05.02"]
[Round "3"]
[White "Petchrongrusamee, Pornpong"]
[Black "Klubwong, Prakarn"]
[Result "0-1"]
[WhiteElo "1473"]
[BlackElo "1822"]
[PlyCount "120"]
[EventDate "2019.05.01"]
[EventType "swiss"]
[EventRounds "9"]
[EventCountry "THA"]
[SourceTitle "CBM 190 Extra"]
[Source "ChessBase"]
[SourceDate "2019.07.15"]
[SourceVersion "1"]
[SourceVersionDate "2019.07.15"]
[SourceQuality "1"]

1. c4 c6 2. Nf3 d5 3. cxd5 cxd5 4. d4 Nc6 5. e3 Bf5 6. Nc3 Nf6 7. Bb5 Rc8 8. 0-0 e6 9. a3 Bd6 10. h3 h6 11. Ne5 Bxe5 12. dxe5 Nd7 13. Bxc6 bxc6 14. f4 0-0 15. g4 Bh7 16. Bd2 f6 17. exf6 Nxf6 18. Be1 Qb6 19. Qd2 Qb3 20. Bf2 Rb8 21. Rab1 Bxb1 22. Rxb1 c5 23. g5 hxg5 24. fxg5 Nd7 25. Bg3 Rbd8 26. Rf1 Rxf1+ 27. Kxf1 Qc4+ 28. Qe2 Qxe2+ 29. Kxe2 c4 30. Nb5 a5 31. Bc7 Ra8 32. Bd6 Kf7 33. e4 Rh8 34. exd5 exd5 35. Bc7 a4 36. Nc3 d4 37. Nxa4 Ke6 38. Nb6 Nxb6 39. Bxb6 Kd5 40. a4 Rxh3 41. Kd2 Rh2+ 42. Kc1 Rh1+ 43. Kc2 Rh2+ 44. Kc1 Ke4 45. a5 Kd3 46. Kb1 c3 47. bxc3 dxc3 48. Bc7 Rh1+ 49. Ka2 c2 50. Bf4 Rh4 51. Bc1 Ra4+ 52. Kb3 Rxa5 53. Kb4 Ra1 54. Bf4 c1Q 55. Bxc1 Rxc1 56. Kb5 Rc4 57. Kb6 Kd4 58. Kb5 Kd5 59. Kb6 Rc5 60. Kb7 Rc6 0-1

[Event "THA-ch"]
[Site "Bangkok"]
[Date "2019.05.01"]
[Round "1"]
[White "Petchrongrusamee, Pornpong"]
[Black "Arunnuntapanich, Tinnakrit"]
[Result "0-1"]
[WhiteElo "1473"]
[BlackElo "2004"]
[PlyCount "106"]
[EventDate "2019.05.01"]
[EventType "swiss"]
[EventRounds "9"]
[EventCountry "THA"]
[SourceTitle "CBM 190 Extra"]
[Source "ChessBase"]
[SourceDate "2019.07.15"]
[SourceVersion "1"]
[SourceVersionDate "2019.07.15"]
[SourceQuality "1"]

1. c4 Nf6 2. Nf3 g6 3. g3 Bg7 4. Bg2 0-0 5. 0-0 d6 6. h3 c5 7. Nc3 Nc6 8. Rb1 Rb8 9. d3 a6 10. a4 b6 11. Be3 e5 12. Qd2 Nd4 13. b3 Bb7 14. Bh6 Qd7 15. e4 Nxf3+ 16. Bxf3 Qxh3 17. Bxg7 Kxg7 18. Bg2 Qh5 19. f3 Qh6 20. Qxh6+ Kxh6 21. Kf2 Kg7 22. g4 h5 23. Kg3 Bc6 24. Nd1 b5 25. axb5 axb5 26. Ne3 b4 27. Ra1 Ra8 28. Bh3 hxg4 29. fxg4 Nh7 30. Bg2 Ng5 31. Nd5 Ne6 32. Rab1 Ra3 33. Rf2 Nd4 34. Rfb2 Rfa8 35. Ne3 Ra2 36. Bf3 Rxb2 37. Rxb2 Ra1 38. Bd1 f6 39. Kf2 Kh6 40. Kg3 Kg5 41. Rh2 Rb1 42. Rh8 Nxb3 43. Rg8 Nd4 44. Bf3 Rb3 45. Kf2 Rxd3 46. Rc8 b3 47. Rb8 Nc2 48. Nf1 Nb4 49. Ke2 b2 50. Rxb4 cxb4 51. Kxd3 b1Q+ 52. Ke2 Qc2+ 53. Nd2 Kf4 0-1